• 首页
  • 本馆介绍
  • 公告通知
  • 最新文献
  • 馆藏检索
  • 电子资源
  • 读者导购
  • 参考咨询
  • 我的图书馆
  • 登录
  • 详细信息显示
  • 放入我的书架
  • 预约/预借图书
  • 作者相关作品
  • 分类相关作品
  • 丛书相关作品
  • 出版社相关作品

书目信息

  • 表格格式
  • 工作单格式
  • 卡片格式
题名:
光辉的史迹
    
 
作者: ;上海人民出版社 编
分册:  
出版信息: 上海   上海人民出版社  1984
页数: 188页
开本: 19cm
丛书名:
单 册:
中图分类: K878.23 , G262.3
科图分类:
主题词: 故址-中共一大(1921) , 博物馆学 , 博物馆事业
电子资源:
ISBN:
000 00793nam0 2200289 45
001 0184002542
005 20040506082530.1
010    @dCNY0.47
091    @a11074.600
100    @a19950706d1984 em y0chiy0121 ea
101 0  @achi
102    @aCN@b310000
105    @af z 000yy
106    @ar
200 10 @a光辉的史迹@Aguang hui de shi ji@e上海革命遗址遗迹@f上海人民出版社编
210    @a上海@c上海人民出版社@d1984
215    @a188页@c照片@d19cm
601 12 @a中共一大(1921)-故址
606    @a故址-中共一大(1921)
606 0  @a博物馆学
606 0  @a博物馆事业
690    @aK878.23@v3
690    @aG262.3
711 02 @a上海人民出版社@Ashang hai ren min chu ban she@4编
801  0 @aCN@b上海图书馆@c20040506
801  2 @aCN@bNLC@c20040506
905    @f2@b109442-443@dG262.3@e4
    
    光辉的史迹:上海革命遗址遗迹/上海人民出版社编.-上海:上海人民出版社,1984
    188页:照片;19cm
    
    
    ISBN :CNY0.47
    
●
相关链接 在E读中查询图书 在五车中查询图书 在当当中查询图书 在豆瓣中查询图书


正题名:光辉的史迹     索取号:G262.3/4         预约/预借

序号 登录号 条形码 馆藏地/架位号 状态 备注
1 0109442   000989871   密集书库/ [索取号:G262.3/4] 在馆    
2 0109443   000989862   第四借阅区/ [索取号:G262.3/4] 在馆    
唐山师范学院图书馆 欢迎您!
大连网信软件有限公司© 版权所有